01455cam a2200313 4500001000700000003000700007005001700014008004100031020004700072040002700119041001300146042000900159066000700168082001100175086001100186090001100197100001700208245005500225250001100280260003800291300002100329490003100350500004000381700001400421740003200435942001400467999001500481952064500496632866YEEZEN20260410145109.0191023s2019 ch g 000 fdchi d a9789573334545q(平裝) :c新臺幣420元 aTWNTUbchieccrcTWNTU1 achihjpn anbic c$1 a861.57 a861.57 a861.571 a東野圭吾10a沉默的遊行 / c東野圭吾作 ; 王蘊潔譯 a初版 a臺北市b皇冠文化c2019.08. a363面c21公分0 a東野圭吾作品集v32. a譯自: 沈黙のパレード1 a王蘊潔0 a沈黙のパレード 2cclcBOOK c7708d7708 00102ccl4070ayeezenbyeezencYEEZENd2026-04-10l0o861.57pC03291r2026-04-10 00:00:00w2026-04-10yBOOKz我從來沒有想過殺人, 但為了妳,我願意賭上一切。 當遊行的喧囂結束時, 我將親手畫上沉默的句點。 沒有人不愛佐織,也沒有人想得到,佐織會以這種方式「消失」。 姣好的容貌、出色的歌唱才華,她是家裡開的居酒屋「並木屋」的活招牌,更是菊野商店街中最受歡迎的完美女孩、眾所期待的明日之星。但她在某一天晚上出門後,卻再也沒有回來,四年後,被發現陳屍在一間燒毀的破屋裡。